000 00332nam a2200133Ia 4500
005 20260326235458.0
008 260326s9999||||xx |||||||||||||| ||und||
100 _aFoley, Mary Mix
245 4 _aThe American House /
_cMary Mix Foley
260 _bHarper & Row
300 _a298 p.
650 _aARQUITECTURA RESIDENCIAL
942 _cBK
999 _c7982
_d7982